| 000 | 00337nam a2200133Ia 4500 | ||
|---|---|---|---|
| 008 | 230917s9999||||xx |||||||||||||| ||und|| | ||
| 040 |
_e92998 _aMAIN |
||
| 041 | _aEnglish | ||
| 082 | _a617 S59E | ||
| 100 | _aSantanu | ||
| 245 | 0 | _aEvaluation of posterior sub-tenon's anaesthesia in cataract surgery | |
| 300 | _a58, x p. | ||
| 942 | _cTH | ||
| 999 |
_c88736 _d88736 |
||